000 00763nam a22002417a 4500
999 _c7566
_d7566
003 OSt
005 20211206095144.0
008 211206b ||||| |||| 00| 0 eng d
020 _a9781259922190
040 _cddc
082 _a658.15 EUN 2018
100 _aEun, Cheol S.; Resnick, Bruce G
_915481
245 _aInternational Financial Management
250 _a8th ed
260 _aNew York:
_bMcGraw-Hill;
_c2018,
300 _axxii, 549 p. :
_bill. ;
_c29 cm.
504 _aIncludes bibliographical references and index.
650 _aInternational finance.
_91014
650 _aInternational business enterprises -- Finance
_915482
650 _aForeign exchange.
_97190
650 _aFinancial institutions, International.
_915483
942 _2ddc
_cBOOK